| 000 | 00797cam a22002294a 4500 | ||
|---|---|---|---|
| 020 | _a1403996008 (cloth) | ||
| 020 | _a1403996016 (paper) | ||
| 020 | _a9781403996008 | ||
| 020 | _a9781403996015 | ||
| 040 | _cDLC | ||
| 082 | 0 | 0 | _a338 PAL 2006 A069 Co. |
| 100 | 1 | _aThirlwall, A. P. | |
| 245 | 1 | 0 | _aGrowth & development, with special reference to developing economies / |
| 246 | 3 | _aGrowth and development, with special reference to developing economies | |
| 250 | _a8th ed. | ||
| 260 |
_aNew York : _bPalgrave Macmillan, _c2006. |
||
| 300 |
_axxx, 685 p. : _bill., map ; _c25 cm. |
||
| 650 | 0 | _aEconomic development. | |
| 856 | 4 | 2 | _uhttp://www.loc.gov/catdir/enhancements/fy0624/2005047559-d.html |
| 856 | 4 | 1 | _uhttp://www.loc.gov/catdir/enhancements/fy0624/2005047559-t.html |
| 942 | _cEK | ||
| 999 |
_c14635 _d14635 |
||